| 000 | 00522nam a22001457a 4500 | ||
|---|---|---|---|
| 003 | MACL | ||
| 005 | 20190331162945.0 | ||
| 008 | 190331b xxu||||| |||| 00| 0 eng d | ||
| 040 | _cMACL | ||
| 100 |
_aबर्वे,गणपतराव गोपालराव _974076 |
||
| 245 | _aयोग दिवाकर | ||
| 260 |
_a दिल्ली _bआर्यावर्त संस्कृति संस्थान _c2017 |
||
| 650 |
_aदर्शनशास्त्र _947739 |
||
| 942 |
_2ddc _cHIN |
||
| 999 |
_c59213 _d59213 |
||